Villes les plus peuplées d'Australie - Statistiques

Statistiques générales
  • Ce quiz a été pris 255 fois
  • Le résultat moyen est 8 sur 20
Statistiques - réponses
Population Ville % Correct
5 045 489 Sydney
100%
431 380 Canberra
95%
4 812 122 Melbourne
93%
2 024 894 Perth
92%
2 379 489 Brisbane
80%
1 389 214 Adélaïde
78%
189 555 Darwin
57%
222 569 Hobart
37%
539 489 Gold Coast
31%
98 349 Cairns
29%
308 112 Newcastle
29%
183 144 Geelong
17%
295 669 Wollongong
16%
178 860 Townsville
14%
79 521 Bendigo
8%
81 255 Launceston
8%
98 125 Ballarat
7%
109 247 Rockhampton
6%
74 102 Albury
5%
95 265 Toowoomba
4%
Aucun quiz correspondant
Distribution des résultats
% des personnes avec chaque résultat
Percentile par nombre de réponses
Votre historique - résultats
Vous n’avez pas pris ce quiz